| Registos Bibliográficos associados ao registo de autoridade |
|
Etiqueta de registo: 00000nam 2200025 450 001 2284437 003 http://id.bnportugal.gov.pt/bib/catbnp/2284437 100 ## $a20260415d2026 k y0pory01030103ba 101 0# $aeng$dpor 102 ## $aPT 105 ## $aa m 000yy 106 ## $ar 200 1# $aOne food - a holistic approach to algae as feed to different animal models$fCátia Sofia Carvalho Mota$gorient. Margarida Rosa Garcez Maia, Joana Gabriela Laranjeira da Silva, António José
Mira da Fonseca 210 #9 $aPorto$c[s.n.],$d2026 215 ## $aXLIII, 266 p.$cil.$d30 cm 328 #1 $aTese dout. Ciência Animal (Nutrição), Instituto de Ciências Biomédicas de Abel Salazar,
Universidade do Porto, 2026 700 #1 $aMota,$bCátia Sofia Carvalho$31995754 702 #1 $aMaia,$bMargarida Rosa Garcez$4727$31001167 702 #1 $aSilva,$bJoana Gabriela Laranjeira da,$f1975-$4727$31057575 702 #1 $aFonseca,$bAntónio José Mira da$4727$3814280 801 #0 $aPT$bBN$gRPC 966 ## $lBN$mFGMON$x1 971 ## $corlando$d20260415
|
|
|